<?xml version="1.0" encoding="UTF-8"?>
<record
    xmlns:xsi="http://www.w3.org/2001/XMLSchema-instance"
    xsi:schemaLocation="http://www.loc.gov/MARC21/slim http://www.loc.gov/standards/marcxml/schema/MARC21slim.xsd"
    xmlns="http://www.loc.gov/MARC21/slim">

  <leader>01599nam a22002777a 4500</leader>
  <datafield tag="999" ind1=" " ind2=" ">
    <subfield code="c">67257</subfield>
    <subfield code="d">67257</subfield>
  </datafield>
  <controlfield tag="005">20260123085123.0</controlfield>
  <controlfield tag="008">      s2555    th ||||| |||| 00| 0 tha d</controlfield>
  <datafield tag="020" ind1=" " ind2=" ">
    <subfield code="a">9786161110130</subfield>
  </datafield>
  <datafield tag="040" ind1=" " ind2=" ">
    <subfield code="a">NALT</subfield>
  </datafield>
  <datafield tag="050" ind1=" " ind2=" ">
    <subfield code="a">RM 666.H33 </subfield>
    <subfield code="b">&#xE1E;239&#xE1B; 2555</subfield>
  </datafield>
  <datafield tag="100" ind1="0" ind2=" ">
    <subfield code="a">&#xE1E;&#xE23;&#xE17;&#xE34;&#xE1E;&#xE22;&#xE4C; &#xE40;&#xE15;&#xE34;&#xE21;&#xE27;&#xE34;&#xE40;&#xE28;&#xE29;</subfield>
    <subfield code="9">23477</subfield>
  </datafield>
  <datafield tag="245" ind1="1" ind2="0">
    <subfield code="a">&#xE1B;&#xE23;&#xE30;&#xE21;&#xE27;&#xE25;&#xE2A;&#xE23;&#xE23;&#xE1E;&#xE04;&#xE38;&#xE13;&#xE2A;&#xE21;&#xE38;&#xE19;&#xE44;&#xE1E;&#xE23;&#xE44;&#xE17;&#xE22; 1 /</subfield>
    <subfield code="c">&#xE1E;&#xE23;&#xE17;&#xE34;&#xE1E;&#xE22;&#xE4C; &#xE40;&#xE15;&#xE34;&#xE21;&#xE27;&#xE34;&#xE40;&#xE28;&#xE29;, &#xE18;&#xE19;&#xE32;&#xE18;&#xE34;&#xE1B; &#xE09;&#xE34;&#xE21;&#xE41;&#xE1E;, &#xE1A;&#xE38;&#xE29;&#xE23;&#xE32;&#xE20;&#xE23;&#xE13;&#xE4C; &#xE18;&#xE19;&#xE2A;&#xE35;&#xE25;&#xE31;&#xE07;&#xE01;&#xE39;&#xE23;, &#xE02;&#xE27;&#xE31;&#xE0D;&#xE40;&#xE23;&#xE37;&#xE2D;&#xE19; &#xE08;&#xE31;&#xE19;&#xE17;&#xE35;.</subfield>
  </datafield>
  <datafield tag="250" ind1=" " ind2=" ">
    <subfield code="a">&#xE1E;&#xE34;&#xE21;&#xE1E;&#xE4C;&#xE04;&#xE23;&#xE31;&#xE49;&#xE07;&#xE17;&#xE35;&#xE48; 2</subfield>
  </datafield>
  <datafield tag="260" ind1=" " ind2=" ">
    <subfield code="a">&#xE01;&#xE23;&#xE38;&#xE07;&#xE40;&#xE17;&#xE1E;&#xE2F; : </subfield>
    <subfield code="b">&#xE2A;&#xE33;&#xE19;&#xE31;&#xE01;&#xE07;&#xE32;&#xE19;&#xE01;&#xE34;&#xE08;&#xE01;&#xE32;&#xE23;&#xE42;&#xE23;&#xE07;&#xE1E;&#xE34;&#xE21;&#xE1E;&#xE4C; &#xE2D;&#xE07;&#xE04;&#xE4C;&#xE01;&#xE32;&#xE23;&#xE2A;&#xE07;&#xE40;&#xE04;&#xE23;&#xE32;&#xE30;&#xE2B;&#xE4C;&#xE17;&#xE2B;&#xE32;&#xE23;&#xE1C;&#xE48;&#xE32;&#xE19;&#xE28;&#xE36;&#xE01;, </subfield>
    <subfield code="c">2555.</subfield>
  </datafield>
  <datafield tag="300" ind1=" " ind2=" ">
    <subfield code="a">288 &#xE2B;&#xE19;&#xE49;&#xE32; :</subfield>
    <subfield code="b">&#xE20;&#xE32;&#xE1E;&#xE1B;&#xE23;&#xE30;&#xE01;&#xE2D;&#xE1A; ;</subfield>
    <subfield code="c">27 &#xE0B;&#xE21;.</subfield>
  </datafield>
  <datafield tag="650" ind1=" " ind2="4">
    <subfield code="a">&#xE1E;&#xE37;&#xE0A;&#xE2A;&#xE21;&#xE38;&#xE19;&#xE44;&#xE1E;&#xE23;</subfield>
    <subfield code="9">6982</subfield>
  </datafield>
  <datafield tag="650" ind1=" " ind2="0">
    <subfield code="a">&#xE22;&#xE32;&#xE2A;&#xE21;&#xE38;&#xE19;&#xE44;&#xE1E;&#xE23;</subfield>
    <subfield code="9">6004</subfield>
  </datafield>
  <datafield tag="650" ind1=" " ind2="4">
    <subfield code="a">&#xE01;&#xE32;&#xE23;&#xE23;&#xE31;&#xE01;&#xE29;&#xE32;&#xE14;&#xE49;&#xE27;&#xE22;&#xE2A;&#xE21;&#xE38;&#xE19;&#xE44;&#xE1E;&#xE23;</subfield>
    <subfield code="9">6970</subfield>
  </datafield>
  <datafield tag="650" ind1=" " ind2="0">
    <subfield code="a">&#xE2A;&#xE21;&#xE38;&#xE19;&#xE44;&#xE1E;&#xE23; </subfield>
    <subfield code="x">&#xE01;&#xE32;&#xE23;&#xE43;&#xE0A;&#xE49;&#xE23;&#xE31;&#xE01;&#xE29;&#xE32;</subfield>
    <subfield code="9">19128</subfield>
  </datafield>
  <datafield tag="700" ind1="0" ind2=" ">
    <subfield code="9">23479</subfield>
    <subfield code="a">&#xE18;&#xE19;&#xE32;&#xE18;&#xE34;&#xE1B; &#xE09;&#xE34;&#xE21;&#xE41;&#xE1E;</subfield>
  </datafield>
  <datafield tag="700" ind1="0" ind2=" ">
    <subfield code="9">23480</subfield>
    <subfield code="a">&#xE1A;&#xE38;&#xE29;&#xE23;&#xE32;&#xE20;&#xE23;&#xE13;&#xE4C; &#xE18;&#xE19;&#xE2A;&#xE35;&#xE25;&#xE31;&#xE07;&#xE01;&#xE39;&#xE23;</subfield>
  </datafield>
  <datafield tag="700" ind1="0" ind2=" ">
    <subfield code="9">23481</subfield>
    <subfield code="a">&#xE02;&#xE27;&#xE31;&#xE0D;&#xE40;&#xE23;&#xE37;&#xE2D;&#xE19; &#xE08;&#xE31;&#xE19;&#xE17;&#xE35;</subfield>
  </datafield>
  <datafield tag="850" ind1=" " ind2=" ">
    <subfield code="a">NALT</subfield>
  </datafield>
  <datafield tag="942" ind1=" " ind2=" ">
    <subfield code="c">GB</subfield>
    <subfield code="2">lcc</subfield>
  </datafield>
  <datafield tag="998" ind1=" " ind2=" ">
    <subfield code="j">1020</subfield>
    <subfield code="k"> &#xE19;&#xE32;&#xE07;&#xE08;&#xE33;&#xE40;&#xE23;&#xE35;&#xE22;&#xE07;  &#xE23;&#xE30;&#xE27;&#xE31;&#xE07;&#xE2A;&#xE33;&#xE42;&#xE23;&#xE07;</subfield>
  </datafield>
  <datafield tag="952" ind1=" " ind2=" ">
    <subfield code="0">0</subfield>
    <subfield code="1">0</subfield>
    <subfield code="4">0</subfield>
    <subfield code="7">0</subfield>
    <subfield code="8">CGBL</subfield>
    <subfield code="a">NALT</subfield>
    <subfield code="b">NALT</subfield>
    <subfield code="e">&#xE1A;&#xE23;&#xE34;&#xE08;&#xE32;&#xE04;</subfield>
    <subfield code="l">0</subfield>
    <subfield code="o">RM 666.H33 &#xE1E;239&#xE1B; 2555</subfield>
    <subfield code="p">3961189852</subfield>
    <subfield code="r">2017-06-09 00:00:00</subfield>
    <subfield code="w">2017-06-09</subfield>
    <subfield code="y">GB</subfield>
  </datafield>
</record>
